000 00456nam a22001697a 4500
003 OSt
005 20191123093651.0
008 130305t xxu||||| |||| 00| 0 eng d
020 _a1858289653
050 _aDS 654
_b.D152 2004
100 _aDalton, David
245 _aThe Rough guide to the Philippines /
_cDavid Dalton
260 _aN. Y. :
_bRough Guides,
_c2004.
300 _a528 p. :
_c20 cm.
_bcol. ill. ;
942 _2lcc
_cBK
_kFLIR
999 _c18788
_d18788